Sociálny rozvoj a zameranie programu v oblasti sociálno-psychologických vzťahov v podmienkach k.p. Atómové elektrárne Bohunice záverečná práca postgraduálneho štúdia

Saved in:
Bibliographic Details
Main Author: Klement, Jozef
Corporate Author: Vysoká škola ekonomická v Bratislave
Other Authors: Tichý, Imrich
Format: Book
Language:Slovak
Published: Bratislava 1988
Tags: Add Tag
No Tags, Be the first to tag this record!

MARC

LEADER 00000nam a2200000 4500
001 c030777
005 20221219092331.3
041 0 |a slo 
044 |a SK 
245 1 0 |a Sociálny rozvoj a zameranie programu v oblasti sociálno-psychologických vzťahov v podmienkach k.p. Atómové elektrárne Bohunice  |b záverečná práca postgraduálneho štúdia  |c Jozef Klement ; Ved. práce Imrich Tichý 
264 1 |a Bratislava  |c 1988 
300 |a 51 s. 
100 1 |a Klement, Jozef 
700 1 |a Tichý, Imrich 
710 2 |a Vysoká škola ekonomická v Bratislave